[Event "Oberliga Ost B 2017 2018"]
[Site "Germany"]
[Date "2018.02.04"]
[Round "7.4"]
[White "Hellwig, Tobias"]
[Black "Mehlhorn, Uwe"]
[Result "1-0"]
[WhiteElo "2197"]
[BlackElo "2153"]
[PlyCount "75"]
[EventDate "2017.10.22"]
[EventType "team-tourn"]
[EventCountry "GER"]
[WhiteTeam "Sangerhausen SV"]
[BlackTeam "Stadtilm SG BW"]
[WhiteTeamCountry "GER"]
[BlackTeamCountry "GER"]

1. d4 d6 2. Nf3 g6 3. g3 Bg7 4. Bg2 Nc6 5. O-O e5 6. dxe5 dxe5 7. Qxd8+ Nxd8 8.
Nc3 c6 9. Ne4 Ne6 10. Nfg5 Nxg5 11. Bxg5 f6 12. Nd6+ Ke7 13. Nxc8+ Rxc8 14. Be3
b6 15. a4 Bh6 16. f4 c5 17. a5 Rc7 18. axb6 axb6 19. Rfd1 f5 20. Ra8 e4 21.
Rdd8 Kf7 22. g4 Bg7 23. c3 fxg4 24. Bf2 b5 25. Bh4 h6 26. Bxe4 g5 27. fxg5 hxg5
28. Bd5+ Kg6 29. Bg3 Re7 30. e4 Nf6 31. Rxh8 Bxh8 32. Rxh8 Nxe4 33. Bxe4+ Rxe4
34. Rb8 b4 35. cxb4 cxb4 36. Kf2 Rc4 37. Ke3 Kf5 38. Rb5+ 1-0

[Event "Oberliga Ost B 2017 2018"]
[Site "Germany"]
[Date "2018.02.04"]
[Round "7.5"]
[White "George, Tom"]
[Black "Heyder, Florian"]
[Result "1-0"]
[WhiteElo "2205"]
[BlackElo "2174"]
[PlyCount "49"]
[EventDate "2017.10.22"]
[EventType "team-tourn"]
[EventCountry "GER"]
[WhiteTeam "Stadtilm SG BW"]
[BlackTeam "Sangerhausen SV"]
[WhiteTeamCountry "GER"]
[BlackTeamCountry "GER"]

1. d4 e6 2. c4 d5 3. Nf3 Nf6 4. g3 Be7 5. Bg2 O-O 6. O-O Ne4 7. Qc2 c6 8. Nbd2
f5 9. Ne5 Nd7 10. Ndf3 Bf6 11. Bf4 Qe8 12. Rac1 Nb6 13. a4 g5 14. Be3 g4 15.
Nd2 Nxd2 16. Bxd2 Bxe5 17. dxe5 Nxc4 18. Bh6 Rf7 19. Qc3 Nb6 20. Qd4 Re7 21. f3
Qg6 22. Qf4 gxf3 23. Bxf3 Bd7 24. Qh4 Rg7 25. Bh5 1-0

[Event "Oberliga Ost B 2017 2018"]
[Site "Germany"]
[Date "2018.02.04"]
[Round "7.6"]
[White "Guenther, Christian"]
[Black "Siebarth, Marco"]
[Result "1-0"]
[WhiteElo "2137"]
[BlackElo "2024"]
[PlyCount "79"]
[EventDate "2017.10.22"]
[EventType "team-tourn"]
[EventCountry "GER"]
[WhiteTeam "Sangerhausen SV"]
[BlackTeam "Stadtilm SG BW"]
[WhiteTeamCountry "GER"]
[BlackTeamCountry "GER"]

1. d4 d5 2. c4 c6 3. Nc3 Nf6 4. e3 e6 5. Nf3 Nbd7 6. Bd3 dxc4 7. Bxc4 b5 8. Bd3
Bb7 9. a3 b4 10. axb4 Bxb4 11. O-O O-O 12. e4 Be7 13. e5 Nd5 14. Nxd5 exd5 15.
Qc2 h6 16. Qe2 Kh8 17. Bb1 Re8 18. e6 Bf6 19. Qc2 Nf8 20. exf7 Re7 21. Bf4 Rxf7
22. Ne5 Bxe5 23. Bxe5 Kg8 24. Ra3 a5 25. Rg3 Ba6 26. Re1 Bc4 27. Qd2 Qh4 28.
Ree3 c5 29. dxc5 d4 30. Ref3 Raa7 31. c6 Rxf3 32. gxf3 Ne6 33. c7 Ra8 34. f4
Bd5 35. Bf5 Kf7 36. Bxe6+ Kxe6 37. Qxd4 Qh5 38. Rxg7 Qf3 39. Qb6+ Kf5 40. Qg6#
1-0

[Event "Oberliga Ost B 2017 2018"]
[Site "Germany"]
[Date "2018.02.04"]
[Round "7.7"]
[White "Neubauer, Andreas"]
[Black "Duchrow, Oliver"]
[Result "0-1"]
[WhiteElo "2145"]
[BlackElo "2039"]
[PlyCount "76"]
[EventDate "2017.10.22"]
[EventType "team-tourn"]
[EventCountry "GER"]
[WhiteTeam "Stadtilm SG BW"]
[BlackTeam "Sangerhausen SV"]
[WhiteTeamCountry "GER"]
[BlackTeamCountry "GER"]

1. d4 f5 2. Nc3 d5 3. Bg5 Nf6 4. Bxf6 exf6 5. g3 c6 6. Bg2 Be6 7. Nh3 g5 8. f3
h5 9. Qd3 Qd7 10. Nf2 Na6 11. e4 O-O-O 12. O-O-O Bd6 13. Qe2 Rde8 14. Rhe1 h4
15. e5 hxg3 16. hxg3 fxe5 17. dxe5 Bf7 18. f4 Bb4 19. Nd3 Bxc3 20. bxc3 Qe7 21.
Rh1 Qa3+ 22. Kd2 Nc7 23. Rb1 d4 24. cxd4 Rxh1 25. Bxh1 Bxa2 26. Rc1 Nb5 27. c3
Bc4 28. Qh5 Rd8 29. d5 Bxd5 30. Bxd5 Rxd5 31. Qxg5 Rxd3+ 32. Kxd3 Qxc1 33.
Qxf5+ Kc7 34. Qf7+ Kb6 35. c4 Qf1+ 36. Ke3 Nc3 37. Qg8 Qe2+ 38. Kd4 Qd2# 0-1

[Event "Oberliga Ost B 2017 2018"]
[Site "Germany"]
[Date "2018.02.04"]
[Round "7.8"]
[White "Buerckner, Georg"]
[Black "Wolf, Philipp"]
[Result "1-0"]
[WhiteElo "2044"]
[BlackElo "1832"]
[PlyCount "73"]
[EventDate "2017.10.22"]
[EventType "team-tourn"]
[EventCountry "GER"]
[WhiteTeam "Sangerhausen SV"]
[BlackTeam "Stadtilm SG BW"]
[WhiteTeamCountry "GER"]
[BlackTeamCountry "GER"]

1. e4 c5 2. c3 Nf6 3. e5 Nd5 4. d4 cxd4 5. cxd4 e6 6. Nc3 Nxc3 7. bxc3 Qc7 8.
Bd2 b6 9. Nf3 Bb7 10. Bd3 d6 11. O-O Nd7 12. exd6 Bxd6 13. Re1 O-O 14. Rb1 Bxf3
15. Qxf3 Bxh2+ 16. Kh1 Bd6 17. Qh3 g6 18. Re4 Nf6 19. Rh4 h5 20. Bg5 Kg7 21.
Bxf6+ Kxf6 22. Rxh5 Bf4 23. Rh7 Qxc3 24. Qf3 Kg5 25. g3 Bd6 26. Rb5+ f5 27.
Qe3+ Kf6 28. Qh6 Qe1+ 29. Kg2 Rg8 30. Rb1 Qc3 31. f4 Qd2+ 32. Kh3 Bxf4 33. Qxf4
Qxd3 34. Qc7 Rae8 35. Rf7+ Kg5 36. Qf4+ Kh5 37. Rh7# 1-0

[Event "Oberliga Ost B 2017 2018"]
[Site "Germany"]
[Date "2018.02.25"]
[Round "8.3"]
[White "Heinz, Axel"]
[Black "Michalowski, Peter"]
[Result "1/2-1/2"]
[WhiteElo "2435"]
[BlackElo "2064"]
[PlyCount "63"]
[EventDate "2017.10.22"]
[EventType "team-tourn"]
[EventCountry "GER"]
[WhiteTeam "Oberursel SV"]
[BlackTeam "Erfurt SV Empor"]
[WhiteTeamCountry "GER"]
[BlackTeamCountry "GER"]

1. e4 c5 2. Nf3 d6 3. d4 cxd4 4. Nxd4 Nf6 5. Nc3 a6 6. g3 g6 7. Bg2 Bg7 8. O-O
O-O 9. h3 Nc6 10. Be3 Bd7 11. Qd2 Rc8 12. Nxc6 Bxc6 13. Bd4 b5 14. Nd5 Bxd5 15.
exd5 Re8 16. Rfe1 Qc7 17. Re2 Nd7 18. Bxg7 Kxg7 19. Rae1 Nf6 20. Kh2 Qc4 21. a3
Rc7 22. Qa5 Ra7 23. Qd2 a5 24. Re3 b4 25. Ra1 Rc7 26. c3 Rb8 27. axb4 axb4 28.
Rd1 bxc3 29. bxc3 Rcb7 30. Re2 Rc7 31. Re3 Rcb7 32. Re2 1/2-1/2

[Event "Oberliga Ost B 2017 2018"]
[Site "Germany"]
[Date "2018.02.25"]
[Round "8.4"]
[White "Weishaeutel, Moritz"]
[Black "Schlamp, Robert"]
[Result "1/2-1/2"]
[WhiteElo "1983"]
[BlackElo "2297"]
[PlyCount "123"]
[EventDate "2017.10.22"]
[EventType "team-tourn"]
[EventCountry "GER"]
[WhiteTeam "Erfurt SV Empor"]
[BlackTeam "Oberursel SV"]
[WhiteTeamCountry "GER"]
[BlackTeamCountry "GER"]

1. e4 e6 2. d4 d5 3. Nd2 c5 4. exd5 exd5 5. Ngf3 Bd6 6. dxc5 Bxc5 7. Nb3 Bd6 8.
c3 Ne7 9. Bg5 f6 10. Bh4 Nbc6 11. Qc2 Bg4 12. Nbd4 Qb6 13. Be2 O-O-O 14. O-O-O
Kb8 15. Kb1 Ka8 16. Rhe1 Rc8 17. Nxc6 bxc6 18. Nd4 Bd7 19. Bd3 Ng6 20. Bg3 Ne5
21. Nf5 Bxf5 22. Bxf5 Rb8 23. Re2 g6 24. Bd3 Rb7 25. c4 Rhb8 26. f4 Ng4 27. Qa4
f5 28. h3 Nf6 29. Bf2 Bc5 30. Bxc5 Qxc5 31. b3 Rb4 32. Qa6 dxc4 33. Rc1 c3 34.
Re6 R4b6 35. Qc4 Qxc4 36. Bxc4 Ne4 37. Be2 Rd8 38. Bf3 Nd2+ 39. Kc2 Nxf3 40.
gxf3 Rd2+ 41. Kxc3 Rxa2 42. Rd1 Ra3 43. Re8+ Kb7 44. Re7+ Ka6 45. Rb1 h5 46.
Re6 c5 47. Rxb6+ Kxb6 48. Kc4 Ra2 49. Rg1 Rc2+ 50. Kd3 Rf2 51. Kc4 Rxf3 52.
Rxg6+ Ka5 53. Rg5 Rxf4+ 54. Kxc5 Rb4 55. Rxh5 Rxb3 56. Kd6 Rf3 57. Ke5 Kb5 58.
h4 a5 59. Rh8 a4 60. h5 a3 61. h6 Rh3 62. h7 1/2-1/2

[Event "Oberliga Ost B 2017 2018"]
[Site "Germany"]
[Date "2018.02.25"]
[Round "8.5"]
[White "Oparaugo, Thomas"]
[Black "Wiemers, Holger"]
[Result "1/2-1/2"]
[WhiteElo "2095"]
[BlackElo "1975"]
[PlyCount "20"]
[EventDate "2017.10.22"]
[EventType "team-tourn"]
[EventCountry "GER"]
[WhiteTeam "Oberursel SV"]
[BlackTeam "Erfurt SV Empor"]
[WhiteTeamCountry "GER"]
[BlackTeamCountry "GER"]

1. e4 e5 2. Nf3 Nf6 3. Bc4 Nxe4 4. Nc3 Nd6 5. Bb3 Nc6 6. Qe2 Be7 7. Nxe5 O-O 8.
O-O Nd4 9. Qg4 Nxb3 10. axb3 Ne8 1/2-1/2

[Event "Oberliga Ost B 2017 2018"]
[Site "Germany"]
[Date "2018.02.25"]
[Round "8.6"]
[White "Schmuck, Helmut"]
[Black "Haakert, Juergen"]
[Result "1/2-1/2"]
[WhiteElo "2120"]
[BlackElo "2312"]
[PlyCount "48"]
[EventDate "2017.10.22"]
[EventType "team-tourn"]
[EventCountry "GER"]
[WhiteTeam "Erfurt SV Empor"]
[BlackTeam "Oberursel SV"]
[WhiteTeamCountry "GER"]
[BlackTeamCountry "GER"]

1. d4 f5 2. g3 Nf6 3. Bg2 g6 4. c4 Bg7 5. Nc3 O-O 6. Nh3 Nc6 7. O-O d6 8. d5
Ne5 9. b3 c5 10. Bb2 a6 11. Nf4 Rb8 12. a4 Ne8 13. e4 b6 14. h3 Nc7 15. Qe2 b5
16. axb5 axb5 17. cxb5 fxe4 18. Bxe4 Qe8 19. Ra5 Bd7 20. Ne6 Nxe6 21. dxe6 Bxe6
22. f4 Bxh3 23. Re1 Bg4 24. Qg2 Nd7 1/2-1/2

[Event "Oberliga Ost B 2017 2018"]
[Site "Germany"]
[Date "2018.02.25"]
[Round "8.7"]
[White "Olesiak, Marcin"]
[Black "Heinke, Jasper"]
[Result "1/2-1/2"]
[WhiteElo "2076"]
[BlackElo "1940"]
[PlyCount "115"]
[EventDate "2017.10.22"]
[EventType "team-tourn"]
[EventCountry "GER"]
[WhiteTeam "Oberursel SV"]
[BlackTeam "Erfurt SV Empor"]
[WhiteTeamCountry "GER"]
[BlackTeamCountry "GER"]

1. d4 Nf6 2. Nf3 d5 3. c4 e6 4. g3 Be7 5. Bg2 O-O 6. O-O dxc4 7. Ne5 Nc6 8.
Bxc6 bxc6 9. Nxc6 Qd6 10. Nxe7+ Qxe7 11. Qa4 Qd6 12. Rd1 Bb7 13. Nc3 Nd5 14.
Ne4 Qb6 15. Nc5 Bc6 16. Qxc4 Bb5 17. Qc2 e5 18. e4 Ne7 19. a4 Be8 20. dxe5 Ng6
21. Qc3 Qc6 22. b4 h5 23. b5 Qb6 24. Be3 h4 25. e6 h3 26. a5 Qxb5 27. Bd4 fxe6
28. Nxe6 Rf7 29. Qe3 Re7 30. Nxg7 Rxg7 31. Bxg7 Kxg7 32. Rd5 Qc6 33. Rc1 Qb7
34. Qd4+ Kg8 35. Rh5 Rb8 36. Rxh3 Bf7 37. Qd7 Qxe4 38. Qxc7 Rb1 39. Qc8+ Kg7
40. Qc3+ Kg8 41. Rh5 Bd5 42. Qc8+ Kg7 43. Rxd5 Rxc1+ 44. Qxc1 Qxd5 45. Qc7+ Kf6
46. Qxa7 Ne5 47. Qb6+ Kf5 48. Qb1+ Kg4 49. Qb4+ Kh5 50. Qf4 Nf3+ 51. Kf1 Nxh2+
52. Ke2 Qb5+ 53. Kd1 Qd3+ 54. Qd2 Qb1+ 55. Qc1 Qd3+ 56. Qd2 Qb1+ 57. Qc1 Qd3+
58. Qd2 1/2-1/2

[Event "Oberliga Ost B 2017 2018"]
[Site "Germany"]
[Date "2018.02.25"]
[Round "8.8"]
[White "Pichl, Michael"]
[Black "Stork, Oliver"]
[Result "0-1"]
[WhiteElo "2049"]
[BlackElo "2093"]
[PlyCount "52"]
[EventDate "2017.10.22"]
[EventType "team-tourn"]
[EventCountry "GER"]
[WhiteTeam "Erfurt SV Empor"]
[BlackTeam "Oberursel SV"]
[WhiteTeamCountry "GER"]
[BlackTeamCountry "GER"]

1. g3 g6 2. Bg2 Bg7 3. c4 c5 4. Nc3 Nc6 5. a3 e6 6. b4 Nxb4 7. axb4 cxb4 8. Bb2
bxc3 9. Bxc3 Bxc3 10. dxc3 Ne7 11. h4 Qc7 12. Qa4 O-O 13. h5 d5 14. hxg6 fxg6
15. cxd5 Qxc3+ 16. Kf1 Nxd5 17. Nf3 b5 18. Qd1 Bb7 19. Rc1 Qf6 20. e4 Nc3 21.
Rxc3 Qxc3 22. Qd7 Rf7 23. Qxe6 Rd8 24. Kg1 Qc4 25. Qh3 Qxe4 26. Nh4 Rd1+ 0-1

[Event "Oberliga Ost B 2017 2018"]
[Site "Germany"]
[Date "2018.02.25"]
[Round "8.1"]
[White "Feldtmann, Thomas"]
[Black "Uwira, Oliver"]
[Result "0-1"]
[WhiteElo "2221"]
[BlackElo "2251"]
[PlyCount "118"]
[EventDate "2017.10.22"]
[EventType "team-tourn"]
[EventCountry "GER"]
[WhiteTeam "Marburg SK"]
[BlackTeam "Frankfurt SC Koenig Nied"]
[WhiteTeamCountry "GER"]
[BlackTeamCountry "GER"]

1. d4 Nf6 2. c4 c5 3. d5 b5 4. cxb5 a6 5. bxa6 g6 6. Nc3 Bxa6 7. e4 Bxf1 8.
Kxf1 d6 9. Nf3 Bg7 10. h3 O-O 11. Kg1 Nbd7 12. Kh2 Qa5 13. Re1 Rfb8 14. Re2 Ne8
15. Rc2 Nc7 16. Bd2 Nb5 17. Nxb5 Qxb5 18. Bc3 Bxc3 19. bxc3 Ra4 20. Re2 Nf6 21.
Nd2 Qa6 22. c4 Rxa2 23. Rxa2 Qxa2 24. e5 dxe5 25. d6 Qa7 26. Ne4 Nxe4 27. Rxe4
Rd8 28. Rxe5 Rxd6 29. Qg4 Qc7 30. g3 Rd4 31. Qg5 Rxc4 32. Qxe7 Qxe7 33. Rxe7 h5
34. h4 Kg7 35. Rc7 Kf6 36. Kg2 Rc3 37. Kg1 Ke6 38. Kg2 f6 39. Rc6+ Ke5 40. Kf1
Rc2 41. Kg2 Kf5 42. Kg1 g5 43. hxg5 fxg5 44. Rc8 h4 45. gxh4 gxh4 46. Rh8 Rc4
47. Kg2 Ke5 48. Rh5+ Kd6 49. Kf3 Ra4 50. Ke2 Kc6 51. Kd2 Kb5 52. Ke3 Ra3+ 53.
Kd2 h3 54. Kc1 Kb4 55. Rh4+ c4 56. Kb1 Rf3 57. Rh8 Kb3 58. Kc1 Rxf2 59. Rxh3+
c3 0-1

[Event "Oberliga Ost B 2017 2018"]
[Site "Germany"]
[Date "2018.02.25"]
[Round "8.2"]
[White "Wege, Jochen"]
[Black "Alber, Horst"]
[Result "1-0"]
[WhiteElo "2294"]
[BlackElo "2296"]
[PlyCount "69"]
[EventDate "2017.10.22"]
[EventType "team-tourn"]
[EventCountry "GER"]
[WhiteTeam "Frankfurt SC Koenig Nied"]
[BlackTeam "Marburg SK"]
[WhiteTeamCountry "GER"]
[BlackTeamCountry "GER"]

1. e4 g6 2. d4 Bg7 3. Nc3 d6 4. f4 Nc6 5. Be3 Nf6 6. Nf3 O-O 7. d5 Nb4 8. a3
Na6 9. Bd3 c6 10. dxc6 bxc6 11. Qe2 Ng4 12. Bd2 Nc5 13. h3 Nf6 14. Be3 Rb8 15.
Rb1 Nd5 16. Nxd5 cxd5 17. exd5 Rxb2 18. Rxb2 Bxb2 19. O-O Qa5 20. Bd2 Qxa3 21.
Qxe7 Nxd3 22. cxd3 a5 23. Ng5 Qxd3 24. Be3 Bg7 25. Rf2 Qxd5 26. Rd2 Qb7 27.
Qxd6 a4 28. Bd4 Bxd4+ 29. Rxd4 Qa7 30. Ne4 f5 31. Nc5 a3 32. Ra4 Qg7 33. Rxa3
Re8 34. Kh2 Qe7 35. Qb6 1-0

[Event "Oberliga Ost B 2017 2018"]
[Site "Germany"]
[Date "2018.02.25"]
[Round "8.3"]
[White "Rolle, Eric"]
[Black "Staller, Peter"]
[Result "0-1"]
[WhiteElo "2196"]
[BlackElo "2267"]
[PlyCount "112"]
[EventDate "2017.10.22"]
[EventType "team-tourn"]
[EventCountry "GER"]
[WhiteTeam "Marburg SK"]
[BlackTeam "Frankfurt SC Koenig Nied"]
[WhiteTeamCountry "GER"]
[BlackTeamCountry "GER"]

1. c4 e5 2. Nc3 Nf6 3. Nf3 d6 4. g3 g6 5. Bg2 Bg7 6. O-O O-O 7. d4 Nbd7 8. e3
Re8 9. b4 a5 10. b5 exd4 11. exd4 Nb6 12. Qb3 Be6 13. Nd2 Qc8 14. Bb2 Bh3 15.
Rae1 Bxg2 16. Kxg2 Qf5 17. Nd1 a4 18. Qf3 Qxf3+ 19. Kxf3 Nfd7 20. a3 Kf8 21.
Re3 Bh6 22. Rxe8+ Rxe8 23. Ne3 f5 24. Bc3 Bg7 25. Rd1 Nf6 26. Ba5 Nfd7 27. c5
Nc8 28. c6 bxc6 29. bxc6 Ndb6 30. Ndc4 Re4 31. Bxb6 cxb6 32. d5 b5 33. Na5 Bc3
34. Rb1 Bxa5 35. Rxb5 Bc7 36. Rb7 Re7 37. Nc4 Ke8 38. Rb4 Kd8 39. g4 fxg4+ 40.
Kf4 Rf7+ 41. Kg3 h5 42. Rxa4 Rf3+ 43. Kg2 Rf4 44. Rb4 Ne7 45. Ne3 g5 46. Rb7
Ra4 47. Rb3 Rd4 48. Rb5 Ng6 49. Kf1 Nf4 50. Rb4 Rd2 51. Ra4 Bb6 52. Ra8+ Kc7
53. Rg8 Nxd5 54. Rxg5 Bxe3 55. fxe3 Nxe3+ 56. Kg1 Rd5 0-1

[Event "Oberliga Ost B 2017 2018"]
[Site "Germany"]
[Date "2018.02.25"]
[Round "8.4"]
[White "Chandler, Patrick"]
[Black "Duncker, Joachim"]
[Result "1/2-1/2"]
[WhiteElo "2211"]
[BlackElo "2243"]
[PlyCount "76"]
[EventDate "2017.10.22"]
[EventType "team-tourn"]
[EventCountry "GER"]
[WhiteTeam "Frankfurt SC Koenig Nied"]
[BlackTeam "Marburg SK"]
[WhiteTeamCountry "GER"]
[BlackTeamCountry "GER"]

1. Nf3 Nf6 2. b4 e6 3. a3 d5 4. d4 b6 5. Bg5 Bb7 6. e3 Be7 7. Nbd2 O-O 8. c4
Ne4 9. Bxe7 Qxe7 10. Nxe4 dxe4 11. Nd2 c5 12. dxc5 bxc5 13. Rb1 Nd7 14. Nb3
Rad8 15. Na5 Ba8 16. Qa4 Qf6 17. Qc2 Ne5 18. Nb3 Nd3+ 19. Bxd3 exd3 20. Qd2
cxb4 21. O-O bxa3 22. f3 Qe5 23. Ra1 Qd6 24. c5 Qa6 25. Qc3 d2 26. Nxd2 Qe2 27.
Nc4 a2 28. Rfe1 Qd3 29. Qxd3 Rxd3 30. Rxa2 Rc3 31. Nd6 Rxc5 32. Rxa7 Bd5 33. e4
Rc6 34. Rd7 Ba2 35. Re2 Bb3 36. h4 Ba4 37. Ra7 Rxd6 38. Rxa4 Rd7 1/2-1/2

[Event "Oberliga Ost B 2017 2018"]
[Site "Germany"]
[Date "2018.02.25"]
[Round "8.5"]
[White "Heiling, Thomas"]
[Black "Haenisch, Uwe"]
[Result "1-0"]
[WhiteElo "2217"]
[BlackElo "2195"]
[PlyCount "119"]
[EventDate "2017.10.22"]
[EventType "team-tourn"]
[EventCountry "GER"]
[WhiteTeam "Marburg SK"]
[BlackTeam "Frankfurt SC Koenig Nied"]
[WhiteTeamCountry "GER"]
[BlackTeamCountry "GER"]

1. d4 f5 2. c4 g6 3. Nc3 Nf6 4. h4 d6 5. h5 Bg7 6. h6 Bf8 7. Bg5 c6 8. Nf3 Na6
9. Qd2 Be6 10. d5 Bd7 11. Rh4 Qb6 12. e4 Nxe4 13. Nxe4 fxe4 14. Rxe4 O-O-O 15.
Qd4 Qxd4 16. Nxd4 c5 17. Ne6 Bxe6 18. dxe6 Nb4 19. Ke2 Nc2 20. Rd1 Nd4+ 21.
Rdxd4 cxd4 22. Rxd4 Kb8 23. g3 Rc8 24. Bg2 b5 25. cxb5 Rc2+ 26. Rd2 Rc5 27. Rd4
Rc2+ 28. Rd2 Rc5 29. Bd5 Rxb5 30. a3 a5 31. Ke3 Rc5 32. Rd3 Kc7 33. Kd4 Rc2 34.
Rc3+ Rxc3 35. Kxc3 Bxh6 36. Bxh6 Rb8 37. b3 Rb5 38. Kd4 Rc5 39. Bd2 Kb6 40. Bg5
Rc7 41. g4 h6 42. Bxh6 Rc2 43. Be3 Kc7 44. Kd3 Ra2 45. a4 Ra1 46. Kc4 Rg1 47.
f3 Rg2 48. Kb5 Re2 49. Bb6+ Kc8 50. Bxa5 Rc2 51. Bb6 Rd2 52. Kc4 Rc2+ 53. Kd3
Rc1 54. a5 Ra1 55. Kc4 Rc1+ 56. Kb5 Rd1 57. Bc6 Re1 58. Be4 Rd1 59. a6 d5 60.
Bxg6 1-0

[Event "Oberliga Ost B 2017 2018"]
[Site "Germany"]
[Date "2018.02.25"]
[Round "8.6"]
[White "Rosa, Mike"]
[Black "Neidhardt, Helge"]
[Result "1/2-1/2"]
[WhiteElo "2073"]
[BlackElo "2087"]
[PlyCount "60"]
[EventDate "2017.10.22"]
[EventType "team-tourn"]
[EventCountry "GER"]
[WhiteTeam "Frankfurt SC Koenig Nied"]
[BlackTeam "Marburg SK"]
[WhiteTeamCountry "GER"]
[BlackTeamCountry "GER"]

1. e4 e5 2. Nf3 Nc6 3. Bb5 Nf6 4. d3 Bc5 5. c3 d6 6. O-O O-O 7. Nbd2 Bd7 8. Re1
a6 9. Ba4 b5 10. Bc2 h6 11. Nf1 Re8 12. Ng3 Ba7 13. a4 Ne7 14. h3 Ng6 15. d4 c5
16. Nf5 Qc7 17. axb5 cxd4 18. Rxa6 Bxb5 19. Rxd6 Re6 20. Rxe6 fxe6 21. Bb3 Bc4
22. N5h4 Nxh4 23. Nxh4 dxc3 24. Bxc4 Qxc4 25. Qe2 Qxe2 26. Rxe2 cxb2 27. Bxb2
Bd4 28. Bxd4 exd4 29. e5 Ra1+ 30. Kh2 d3 1/2-1/2

[Event "Oberliga Ost B 2017 2018"]
[Site "Germany"]
[Date "2018.02.25"]
[Round "8.7"]
[White "Cimen, Merih"]
[Black "Goll, Christof"]
[Result "1/2-1/2"]
[WhiteElo "1939"]
[BlackElo "2056"]
[PlyCount "43"]
[EventDate "2017.10.22"]
[EventType "team-tourn"]
[EventCountry "GER"]
[WhiteTeam "Marburg SK"]
[BlackTeam "Frankfurt SC Koenig Nied"]
[WhiteTeamCountry "GER"]
[BlackTeamCountry "GER"]

1. e4 e6 2. d4 d5 3. exd5 exd5 4. Bd3 Nc6 5. Ne2 Bg4 6. f3 Bh5 7. Bf4 Bd6 8. c3
Nge7 9. O-O O-O 10. Qc2 Bg6 11. Nd2 Qd7 12. Bxg6 Nxg6 13. Bxd6 Qxd6 14. f4 Rfe8
15. Qd3 Qe7 16. Rae1 Qe3+ 17. Qxe3 Rxe3 18. f5 Nf8 19. Nf4 Rxe1 20. Rxe1 Rd8
21. Nf3 f6 22. g4 1/2-1/2

[Event "Oberliga Ost B 2017 2018"]
[Site "Germany"]
[Date "2018.02.25"]
[Round "8.8"]
[White "Graebner, Walter"]
[Black "Lehmann, Stefan"]
[Result "0-1"]
[WhiteElo "2048"]
[BlackElo "1990"]
[PlyCount "52"]
[EventDate "2017.10.22"]
[EventType "team-tourn"]
[EventCountry "GER"]
[WhiteTeam "Frankfurt SC Koenig Nied"]
[BlackTeam "Marburg SK"]
[WhiteTeamCountry "GER"]
[BlackTeamCountry "GER"]

1. d4 e6 2. Nf3 Nf6 3. c4 d5 4. Nc3 c6 5. Bg5 Be7 6. e3 O-O 7. Qc2 h6 8. Bh4 a6
9. a3 Nbd7 10. cxd5 Nxd5 11. Bxe7 Qxe7 12. Bd3 N5f6 13. O-O c5 14. Rfd1 b6 15.
Ne4 Bb7 16. Rac1 Rac8 17. Qb1 Rfd8 18. dxc5 Nxe4 19. Bxe4 Nxc5 20. Bxb7 Qxb7
21. h3 a5 22. b4 axb4 23. Qxb4 Ne4 24. Rxc8 Rxc8 25. Rb1 Rc2 26. Qxb6 Rc1+ 0-1

[Event "Oberliga Ost B 2017 2018"]
[Site "Germany"]
[Date "2018.02.25"]
[Round "8.1"]
[White "Kuznecovs, Nikita"]
[Black "du Maire, Jerome"]
[Result "1-0"]
[WhiteElo "2130"]
[BlackElo "2154"]
[PlyCount "79"]
[EventDate "2017.10.22"]
[EventType "team-tourn"]
[EventCountry "GER"]
[WhiteTeam "Stadtilm SG BW"]
[BlackTeam "Frankfurter TV"]
[WhiteTeamCountry "GER"]
[BlackTeamCountry "GER"]

1. d4 d5 2. Bf4 c6 3. e3 Qb6 4. Qc1 Bf5 5. c4 Nf6 6. Nc3 Nbd7 7. c5 Qa5 8. a3
Nh5 9. b4 Qd8 10. Bg5 h6 11. Bh4 g5 12. Be2 gxh4 13. Bxh5 e5 14. Bd1 Bg7 15.
Nf3 O-O 16. O-O Qf6 17. h3 Rfe8 18. Ra2 exd4 19. Nxd4 Bg6 20. Ba4 a6 21. Nxd5
Qe5 22. Nf4 Be4 23. Rd2 Rad8 24. Rfd1 Nf6 25. Bc2 Nd5 26. Nxd5 Rxd5 27. Bb3 Qg5
28. f4 Qg3 29. Bxd5 Qxe3+ 30. Kf1 Bxd5 31. Re2 Bxg2+ 32. Rxg2 Qxh3 33. Qc2 Kh8
34. Nf5 Qf3+ 35. Kg1 Bf6 36. Nd6 Re7 37. Qd2 h3 38. Rf2 Qg3+ 39. Kh1 Qc3 40.
Nf5 1-0

[Event "Oberliga Ost B 2017 2018"]
[Site "Germany"]
[Date "2018.02.25"]
[Round "8.2"]
[White "Diyap, Murat"]
[Black "Siebarth, Raiko"]
[Result "1-0"]
[WhiteElo "2093"]
[BlackElo "2288"]
[PlyCount "109"]
[EventDate "2017.10.22"]
[EventType "team-tourn"]
[EventCountry "GER"]
[WhiteTeam "Frankfurter TV"]
[BlackTeam "Stadtilm SG BW"]
[WhiteTeamCountry "GER"]
[BlackTeamCountry "GER"]

1. e4 c5 2. Nf3 d6 3. Nc3 Nf6 4. d4 cxd4 5. Nxd4 a6 6. g3 e5 7. Nde2 h5 8. Bg5
Be7 9. Bg2 Be6 10. Qd2 Nbd7 11. O-O Rc8 12. Rad1 b5 13. a3 Qb6 14. Nd5 Bxd5 15.
exd5 Qc7 16. c3 Nc5 17. Qc1 Nfe4 18. Bxe7 Qxe7 19. b4 Nb3 20. Qc2 Ned2 21. Rfe1
Qc7 22. Rxd2 Nxd2 23. Qxd2 h4 24. Qg5 hxg3 25. hxg3 g6 26. Qf6 Rh5 27. Bf3 Rh7
28. Bg4 Rd8 29. Qg5 Kf8 30. Qf6 Re8 31. Bf3 Kg8 32. Qg5 Kg7 33. Qe3 Reh8 34. g4
Rh3 35. Ng3 Qc4 36. Ne4 Qc7 37. Ng5 R3h4 38. Ne4 f6 39. Ra1 Rh3 40. Ng3 Rc8 41.
Rc1 Qd7 42. Qb6 f5 43. gxf5 gxf5 44. Kf1 f4 45. Qxd6 Qxd6 46. Nf5+ Kf8 47. Nxd6
Rd8 48. Bg2 Rh6 49. Nb7 Rc8 50. Nc5 Ke7 51. Ke2 f3+ 52. Bxf3 Rf8 53. Ne4 Rh4
54. d6+ Kd7 55. Rd1 1-0

[Event "Oberliga Ost B 2017 2018"]
[Site "Germany"]
[Date "2018.02.25"]
[Round "8.3"]
[White "Schneider, Christian"]
[Black "Henrich, David"]
[Result "1-0"]
[WhiteElo "2215"]
[BlackElo "2092"]
[PlyCount "79"]
[EventDate "2017.10.22"]
[EventType "team-tourn"]
[EventCountry "GER"]
[WhiteTeam "Stadtilm SG BW"]
[BlackTeam "Frankfurter TV"]
[WhiteTeamCountry "GER"]
[BlackTeamCountry "GER"]

1. e4 e5 2. Nf3 d6 3. d4 exd4 4. Nxd4 Nf6 5. Nc3 Be7 6. Bc4 O-O 7. O-O Nc6 8.
h3 Re8 9. Re1 Bf8 10. Bg5 Ne5 11. Bf1 c6 12. a4 a5 13. Qd2 h6 14. Bf4 Qb6 15.
Be3 Qc7 16. f3 Ng6 17. Rad1 Bd7 18. Qf2 d5 19. Nb3 Bd6 20. Bb6 Qb8 21. exd5 Bg3
22. Rxe8+ Bxe8 23. Qd2 cxd5 24. Nxd5 Nh5 25. Bf2 Bh2+ 26. Kh1 Bxa4 27. Nb6 Bf4
28. Qd4 Bxb3 29. cxb3 Be5 30. Qc5 Ra7 31. Bc4 Ng3+ 32. Kg1 Nf5 33. Rd7 Nd6 34.
Qd5 Kh7 35. Bd3 f6 36. Bc5 Ne8 37. Qf7 Bh2+ 38. Kh1 Qg3 39. Bf2 Qxf2 40. Bxg6+
1-0